Cobra Kai Members Quiz - Statistics

General Stats
  • This quiz has been taken 510 times
  • The average score is 11 of 15
Answer Stats
Hint Answer % Correct
Daniel LaRussos daughter Sam LaRusso
98%
Runs Miyagi Do dojo now Daniel LaRusso
92%
Merged with Daniel to create a bigger dojo Johnny Lawrence
90%
Runs Cobra Kai dojo John Kreese
89%
Has a mohawk Hawk
88%
Won an All-Valley Karate tournament and is 17 years old currently Miguel Diaz
88%
Current Cobra Kai student that is Johnny Lawrences son Robby Keene
88%
Current Cobra Kai best girl student Tory Nichols
86%
Will probably be in Cobra Kai season 4 to help John Kreese run Cobra Kai Terry Silver
85%
Johnny and Daniels love intrest from high school Ali Mills
76%
Miyagi Do student that kicked Hawk into glass in season 2 Demetri
73%
Used to run Miyagi Do before he died Mr. Miyagi
71%
Got to the semis in The Karate Kid from Cobra Kai Bobby Brown
44%
The first Cobra with a name to loose to Daniel in The Karate Kid Tommy
41%
Got to the quarter finals in The Karate Kid from Cobra Kai Dutch
38%
No matching quizzes found
Score Distribution
Percent of People with Each Score
Percentile by Number Answered
Your Score History
You have not taken this quiz